Latin American nations in world politics /
Enregistré dans:
| Auteur principal: | |
|---|---|
| Autres auteurs: | |
| Format: | Texte |
| Publié: |
Boulder, Colorado:
Westview Press
|
| Tags: |
Ajouter un tag
Pas de tags, Soyez le premier à ajouter un tag!
|
MARC
| LEADER | 00000 a a2200000 04500 | ||
|---|---|---|---|
| 001 | 24230 | ||
| 003 | |||
| 040 | |||
| 020 | |a 0-86531-689-9 | ||
| 090 | |a 166000 | ||
| 100 | |a Muñoz, Heraldo | ||
| 245 | |a Latin American nations in world politics / |c Heraldo Muñoz | ||
| 260 | |a Boulder, Colorado: |b Westview Press | ||
| 300 | |a 278 p | ||
| 700 | |a ed. |a Tulchin, Joseph S |a ed. | ||
| 999 | |c 7887 |d 7887 | ||



